| 000 | 01359nam a2200361 a 4500 | ||
|---|---|---|---|
| 001 | ebr10439477 | ||
| 003 | CaPaEBR | ||
| 006 | m u | ||
| 007 | cr cn||||||||| | ||
| 008 | 100120s2010 ohuac sb 001 0 eng d | ||
| 010 | _z 2010921043 | ||
| 020 | _z9781615030101 (pbk.) | ||
| 020 | _z0615030106 (pbk.) | ||
| 020 | _z9781615030118 (hbk.) | ||
| 020 | _z0615030114 (hc.) | ||
| 020 | _z9781615031382 (e-book) | ||
| 040 |
_aCaPaEBR _cCaPaEBR |
||
| 035 | _a(OCoLC)704518531 | ||
| 050 | 1 | 4 |
_aTA479.S7 _bC63 2010eb |
| 082 | 0 | 4 |
_a620.17 _222 |
| 100 | 1 | _aCobb, Harold M. | |
| 245 | 1 | 4 |
_aThe history of stainless steel _h[electronic resource] / _cHarold M. Cobb. |
| 260 |
_aMaterials Park, Ohio : _bASM International, _cc2010. |
||
| 300 |
_axxiv, 359 p. : _bill. (some col.), ports. |
||
| 504 | _aIncludes bibliographical references and index. | ||
| 533 |
_aElectronic reproduction. _bPalo Alto, Calif. : _cebrary, _d2013. _nAvailable via World Wide Web. _nAccess may be limited to ebrary affiliated libraries. |
||
| 650 | 0 |
_aStainless steel _xHistory. |
|
| 650 | 0 |
_aStainless steel industry _xHistory. |
|
| 655 | 7 |
_aElectronic books. _2local |
|
| 710 | 2 | _aASM International. | |
| 710 | 2 | _aebrary, Inc. | |
| 856 | 4 | 0 |
_uhttp://site.ebrary.com/lib/rucke/Doc?id=10439477 _zAn electronic book accessible through the World Wide Web; click to view |
| 999 |
_c243947 _d243947 |
||